Morung among the nagas: (Record no. 1848282)
[ view plain ]
| 000 -LEADER | |
|---|---|
| fixed length control field | 00882nam a22002417a 4500 |
| 003 - CONTROL NUMBER IDENTIFIER | |
| control field | OSt |
| 005 - DATE AND TIME OF LATEST TRANSACTION | |
| control field | 20260416114242.0 |
| 008 - FIXED-LENGTH DATA ELEMENTS--GENERAL INFORMATION | |
| fixed length control field | 260416b |||||||| |||| 00| 0 eng d |
| 037 ## - SOURCE OF ACQUISITION | |
| Terms of availability | Thesis |
| 040 ## - CATALOGING SOURCE | |
| Original cataloging agency | FEDL |
| Language of cataloging | eng |
| Transcribing agency | FEDL |
| 041 ## - LANGUAGE CODE | |
| Language code of text/sound track or separate title | eng |
| Language code of original | eng |
| 082 ## - DEWEY DECIMAL CLASSIFICATION NUMBER | |
| Classification number | 371.97 MAO/TH |
| 100 ## - MAIN ENTRY--PERSONAL NAME | |
| Personal name | Mao, Akha Kaihrii |
| 9 (RLIN) | 1234937 |
| 110 ## - MAIN ENTRY--CORPORATE NAME | |
| Corporate name or jurisdiction name as entry element | University of Delhi. Department of Education |
| 245 ## - TITLE STATEMENT | |
| Title | Morung among the nagas: |
| Remainder of title | Encounter of traditional education with colonialism and christianity/ |
| Statement of responsibility, etc. | by Akha Kaihrii Mao; Supervised by Ritu Bala and Shyam B. Menon. |
| 260 ## - PUBLICATION, DISTRIBUTION, ETC. | |
| Place of publication, distribution, etc. | University of Delhi |
| Date of publication, distribution, etc. | 2025 |
| 300 ## - PHYSICAL DESCRIPTION | |
| Extent | 337p. |
| 650 ## - SUBJECT ADDED ENTRY--TOPICAL TERM | |
| Topical term or geographic name entry element | EDUCATION- SCHEDULED CASTE/ SCHEDULED TRIBES |
| 9 (RLIN) | 1234938 |
| 700 ## - ADDED ENTRY--PERSONAL NAME | |
| Personal name | Ritu Bala. Superviser |
| 9 (RLIN) | 1234939 |
| 700 ## - ADDED ENTRY--PERSONAL NAME | |
| Personal name | Menon, Shyam M. Superviser |
| 9 (RLIN) | 1234940 |
| 942 ## - ADDED ENTRY ELEMENTS (KOHA) | |
| Source of classification or shelving scheme | Dewey Decimal Classification |
| Koha item type | Thesis |
| Classification part | 371.97 MAO/TH |
| Suppress in OPAC | No |
| Withdrawn status | Lost status | Source of classification or shelving scheme | Damaged status | Not for loan | Collection | Home library | Current library | Date acquired | Total Checkouts | Full call number | Barcode | Date last seen | Price effective from | Koha item type |
|---|---|---|---|---|---|---|---|---|---|---|---|---|---|---|
| Dewey Decimal Classification | Reference | Department of Education Library | Department of Education Library | 2026-04-16 | 371.97 MAO/TH | EL0095222 | 2026-04-16 | 2026-04-16 | Thesis |
